000 01080nam a2200217Ia 4500
003 OSt
005 20241030110804.0
007 ca aa aaaaa
008 201103s9999 xx 000 0 und d
040 _cSSBUL
041 _abur
082 _223
_a၂၉၄.၃၄၄၃ ဥတ်
_b၉၁၇၄ S-SAT
100 0 _aဥတ္တမသာရ၊ ဦး၊ အရှင်၊ တောင်တန်းသာသနာပြုဆရာတော်
245 1 0 _aသံသရာဝဋ်ကိုလွတ်အောင်ရုန်းကြစို့ရဲ့ /
_cတောင်တန်းသာသနာပြုဆရာတော်အရှင်ဦးဥတ္တမသာရ။
250 _aတတိယအကြိမ်။
260 _aရန်ကုန် ၊
_bအသိုင်းအဝိုင်းစာပေ၊
_c၁၉၉၂။
300 _a၁၄၀ စာမျက်နှာ ၊
_c၂၄ စင်တီ။
500 _aS-SAT: Dr. Sai Aung Tun
650 _aဗုဒ္ဓဘာသာ
_xတရားတော်။
_913507
942 _2ddc
_cBK1
999 _c16723
_d16723